000 00991nam a22003017a 4500
001 BR0205752
003 BR-BrBNA
005 20230928101216.0
007 ta
008 230509b bl.||||| |||| 00| 0 por d
040 _aBR-BrBNA
_bpor
_cBiblioteca Nacional de Agricultura
041 _a(Por)
072 _aL73
_b6100
_b4150
090 _ 6100 BR0205752
100 1 _aSantiago, S.L.T.
110 1 _aUniversidade Federal de Minas Gerais, Belo Horizonte (Brasil). Escola Veterinária
_0Tese (Doutor em Ciência Animal)
_910845
245 1 _aAnálise molecular de isolados do vírus da bronquite infecciosa das galinhas em Minas Gerais - Brasil
260 3 _aBelo Horizonte, MG (Brasil):
_c2001.
300 _a88 p.
500 _aSummaries (Eng, Por); Bibliography p. 76-88; 10 tables; 14 illus.
650 _aGALINHA
650 _aDOENÇA ANIMAL
650 _aBRONQUITE
650 _aAVE DOMÉSTICA
650 _aVÍRUS
909 _a202309
_bLucia
_c55
_dLucia Elande
942 _cBK
999 _c64728
_d64728